000 00567cam a2200205ua 4500
001 4210
005 20260515113813.0
008 111220n ii |||gr||||Z||||||asm
040 _cMAIN
082 _a891.4513
100 1 _aJohnson, Alvin,
245 1 1 _aBanaria kukurar jus aru anyanya galpa
_cby Alvin Johnson
250 _a1st.
260 _aKolkata:
_bSreebhumi publishing co.,961.
300 _a196p:5cm.
653 _aAssamese short stories
653 _aBanaria kukurar jus aru anyanya galpa
700 1 _aSaikia, Chandrapabha,
_eTranslator.,
942 _cBK
999 _c4028
_d4028